Nákladový model distribuce

Distribúcia hotových výrobkov od výrobcu k spotrebiteľovi ako zložitý systém fyzických a informačných činností. Model distribučného systému, jeho predpoklady. Stanovenie jednotlivých položiek nákladov distribučného systému. Racionalizácia existujúceho distribučného systému a projektovanie nového dis...

ver descrição completa

Na minha lista:
Detalhes bibliográficos
Autor principal: Lenort, Radim
Outros Autores: Ptáček, Stanislav
Formato: Capítulo de Livro
Idioma:tcheco
Assuntos:
Tags: Adicionar Tag
Sem tags, seja o primeiro a adicionar uma tag!

MARC

LEADER 00000naa a2200000 4500
001 r032014
005 20230922090333.9
041 0 |a cze 
044 |a CZ 
245 1 0 |a Nákladový model distribuce  |c Radim Lenort, Stanislav Ptáček 
520 |a Distribúcia hotových výrobkov od výrobcu k spotrebiteľovi ako zložitý systém fyzických a informačných činností. Model distribučného systému, jeho predpoklady. Stanovenie jednotlivých položiek nákladov distribučného systému. Racionalizácia existujúceho distribučného systému a projektovanie nového distribučného systému. 
610 2 0 |a distribúcia 
610 2 0 |a činnosť informačná 
610 2 0 |a dodávky 
610 2 0 |a sklady obchodné 
610 2 0 |a predajne 
610 2 0 |a náklady 
610 2 0 |a racionalizácia riadenia 
610 2 0 |a skladovanie 
610 2 0 |a preprava 
610 2 0 |a vzorce 
100 1 |a Lenort, Radim 
700 1 |a Ptáček, Stanislav